| 000 | 00658nam a22001937a 4500 | ||
|---|---|---|---|
| 005 | 20140307121822.0 | ||
| 010 | _aENG-108752 | ||
| 020 |
_c180.00 _a9788180642470 |
||
| 035 | _aEN-92285 | ||
| 037 | _bDBAD/PUB | ||
| 082 | _a378.1981054 | ||
| 100 | _aRoy, Ranjit Kumar | ||
| 245 |
_aScholar Rebels : _cby Ranjit Kumar Roy _bGandhian nationalism and the emergence of student politics in Bengal - 1920-44 / |
||
| 260 |
_aKolkata _bProgressive Publishers _c2013 |
||
| 270 |
_a37A, College Street _bKolkata _e73 |
||
| 300 |
_a195p. _c22cm(Hb) |
||
| 500 | _aIncludes bibliographical references and Index | ||
| 942 |
_2ddc _cEN _mROY _h378.1981054 |
||
| 999 |
_c81091 _d81091 |
||